000 00491nam a2200097Ia 4500
008 180130s9999 xx 000 0 und d
245 _cBrown, Halina Szejnwald; Vergragt, Philip J.; Cohen, Maurie J.
_aSocietal innovation in a constrained world: theoretical and empirical perspectives
260 _c2013
300 _aBook title: Innovations in sustainable consumption : new economics, socio-technical transitions and social practices--Acession number C17507; pages 1 - 30
650 _aECONOMICS
999 _c354472
_d354472